000 00866nam a2200253 a 4500
001 25432
003 CO-ViMGA
005 20230915232058.0
008 141112s2004 ck r 000 u spa d
015 _ack - 2011 - xxxx
020 _a9789586828239
040 _aCO-ViMGA
_bspa
_cCO-ViMGA
041 _aspa
082 0 4 _a005.3 G65e3 19
100 1 _aGómez Gutiérrez, Juan Antonio.
_938798
245 1 0 _aExcel 2010 avanzado /
_cJuan Antonio Gómez Gutiérrez.
260 _aMéxico :
_bAlfaomega :
_bRa - Ma,
_c2011.
300 _a415 p. : il. ; 23 cm.
500 _aIncluye índice.
650 1 4 _aExcel 2010 (Programa para computador)
_938799
852 _17.648.30
942 _2ddc
_cBK
949 _ac c
999 _c33020
_d33020